Sports Quiz

Random Sports Quiz
Score 0/10 Timer 04:00
0 Plays Today
Intitulé Réponse % Correct
Le score de Odense-Brondby1-1
67.7%
Il a marqué le but du 4 à 0 contre l’AS MonacoIgnatius Ganago
25.3%
La place occupée par le Real Madrid en Ligaseptième
24.2%
La lanterne rouge de Serie A avec 0 point en trois journéesBenevento
21.9%
Ce joueur de la Real Sociedad a marqué le premier doublé de sa carrièreAsier Illarramendi
18.3%
Première femme à arbitrer une rencontre de première division d'un championnat professionnel européenBibiana Steinhaus
17.9%
Il s’est fait martyriser par Anthony Martial ce week-endMame Biram Diouf
16.6%
Ce club n’a pas pu empêcher le Sporting d’enchaîner une cinquième victoire de suite en Liga NosFeirense
8.7%
Le nouveau meilleur buteur de BundesligaAlfred Finnbogason
8.5%
Ce club est leader de League OneShrewsbury
5.2%
Remove Ads.
Support Sporcle.
Get the best of Sporcle when you Go Orange. This ad-free experience offers more features, more stats, and more fun while also helping to support Sporcle. Thank you for becoming a member.

You're not logged in!

Compare scores with friends on all Sporcle quizzes.
OR
Log In

Show Comments

Extras

Created Sep 10, 2017ReportNominate
Tags:mode

Top Quizzes Today


Score Distribution

Your Account Isn't Verified!

In order to create a playlist on Sporcle, you need to verify the email address you used during registration. Go to your Sporcle Settings to finish the process.

Report this User

Report this user for behavior that violates our Community Guidelines.

Details: